000 01020nam a2200277 i 4500
001 12525
003 KOSZ 005
005 20200408110437.0
008 080326s1964 pl a f 000 0 pol
015 _aPB 1964/6172
040 _aWA N
_cKOSZ 005/ID
_dKOSZ 005/ID
080 _a624
100 1 _aSawczuk, Antoni
_d(1927-1984)
_eAutor
245 1 0 _aNośność graniczna ram płaskich /
_cAntoni Sawczuk.
260 _aWarszawa :
_bWydawnictwo Czasopism Technicznych Naczelnej Organizacji Technicznej,
_c1964.
300 _a75, [1] s. :
_bil. ;
_c23 cm.
380 _aKsiążki.
490 1 _aBiblioteka Inżynierii i Budownictwa ;
_v7.
504 _aBibliogr. s. 75-[76].
650 4 _aPręty
_xmechanika.
650 4 _aNaprężenia i odkształcenia
710 2 _aWydawnictwo "Arkady".
_4pbl.
830 0 _aBIB Biblioteka Inżynierii i Budownictwa ;
_v7.
856 _uhttp://koha.tu.koszalin.pl/cgi-bin/koha/opac-detail.pl?biblionumber=12525
_yKatalog online BPK
942 _2UKD
_cKS
999 _c12525
_d12525